Famous Mythologies - Statistics

General Stats
  • This quiz has been taken 228 times
  • The average score is 8 of 16
Answer Stats
Deity/Hero Answer % Correct
Poseidon Greco-Roman
97%
Osiris Egyptian
88%
Odin Norse
77%
Sun Wukong Chinese
75%
Krishna Hindu
71%
Quetzalcoatl Aztec
70%
Maui Polynesian
63%
Finn MacCool Irish
53%
Gilgamesh Mesopotamian
50%
Amaterasu Japanese
49%
Chernobog Slavic
43%
Ahura Mazda Persian
29%
Inti Inca
20%
The Rainbow Serpent Aboriginal
16%
Ukko Finnish
16%
Ogun Yoruba
9%
No matching quizzes found
Score Distribution
Percent of People with Each Score
Percentile by Number Answered
Your Score History
You have not taken this quiz